Life of Jesus: Multiple Choice - Statistics

General Stats
  • This quiz has been taken 115 times
    110 since last reset
  • The average score is 12 of 15
Answer Stats
Question Answer % Correct
How did Jesus die? (C'mon this one's obvious) Crucifixion
98%
Who did Jesus's baptism? John
98%
What was Jesus's last meal? Bread and Wine
97%
Who betrayed Jesus? Judas
97%
How long did Jesus fast? 40 Days
94%
How did Jesus teach many lessons? Parables
91%
Who saw Jesus risen first? Mary Magdalene
85%
What was Jesus's first miracle? Turning water into wine
85%
Where did Jesus find the first disciples? A lake
80%
Jesus was what age when he stayed at the temple? 12
79%
Where did Jesus ascend? Mount of Olives
68%
Who saw the Transfiguration? Peter, James, John
64%
What day was Jesus born? Doesn't say
62%
Who judged Jesus? All of the above
47%
How many disciples did Jesus send on the road ahead of him? 72
16%
No matching quizzes found
Score Distribution
Percent of People with Each Score
Percentile by Number Answered
Your Score History
You have not taken this quiz since the last reset